|
|
แสดงรายละเอียดบรรณานุกรม |
|
|
Brief Record
: Get Marc (ISO 2709)
: E-mail record
: |
|
|
| LEADER 00000nam 2200000uu 4500 | |||
| 001 206616 | |||
| 003 ULIBM | |||
| 008 111005s2553||||th 000 0 tha d | |||
| 024 9789741075430 | |||
| 040 ^aBcnkk. | |||
| 041 0 ^aTha. | |||
| 060 0 LB 1043 น784 2553. | |||
| 100 0 ^aเนตร หงษ์ไกรเลิศ. | |||
| 245 00 ^aการใช้โสตทัศนูปกรณ์./^bเนตร หงษ์ไกรเลิศ. | |||
| 250 ^aพิมพ์ครั้งที่ 1. | |||
| 260 ^aนนทบุรี : ^bโครงการสวัสดิการวิชาการ สถาบันพระบรมราชชนก,^c2553. | |||
| 300 ^aจำนวน 221 หน้า;^bภาพประกอบ. | |||
| 650 0 ^aโสตทัศนูปกรณ์. | |||
| 650 0 ^aโสตทัศนศึกษา. | |||
| 700 0 ^aอรุณี ยันตรปกรณ์,บรรณาธิการ. | |||
| 710 1 ^aสถาบันพระบรมราชชนก. โครงการสวัสดิการวิชาการ. | |||
| 999 ^aใช้งานได้ทุกระบบ | |||
| คุณยังไม่ได้ล็อกอิน คุณสามารถมีกิจกรรมร่วมกับเว็บไซต์ได้ แต่ต้องล็อกอินก่อน :: |
|
| สถานะ | |||||||||
| 1. | หนังสือทั่วไป สถานะ=หนังสือเก่า - บริการ ณ ห้องสมุด (ห้องเหลือง) | LB 1043 น784 2553 ฉ.2 | On Shelf ขอยืม | ||||||
| Note:ปีงบประมาณ 2555 | |||||||||
| 2. | หนังสือทั่วไป สถานะ=หนังสือเก่า - บริการ ณ ห้องสมุด (ห้องเหลือง) | LB 1043 น784 2553 ฉ.3 | On Shelf ขอยืม | ||||||
| Note:ปีงบประมาณ 2555 | |||||||||
| 3. | หนังสือทั่วไป สถานะ=หนังสือเก่า - บริการ ณ ห้องสมุด (ห้องเหลือง) | LB 1043 น784 2553 ฉ.5 | On Shelf ขอยืม | ||||||
| Note:ปีงบประมาณ 2555 | |||||||||
| 4. | หนังสือทั่วไป | LB 1043 น784 2553 ฉ.6 | On Shelf ขอยืม | ||||||
| Note:ปีงบประมาณ 2555 | |||||||||
| [แสดง 4/4 รายการ] | |||||||||
BibComment |
| คอมเมนท์ทรัพยากรรายการนี้ |
|
|